| 000 | 01398nam a2200241Ia 4500 | ||
|---|---|---|---|
| 003 | Ost | ||
| 005 | 20260507075225.0 | ||
| 008 | 260507s9999||||xx |||||||||||||| ||und|| | ||
| 020 | _a41867099579 | ||
| 040 | _cfsecg | ||
| 041 | _aara | ||
| 082 | _a330 | ||
| 100 |
_aخلف، فليح حسن _eمؤلف |
||
| 245 | 0 |
_aالعولمة الإقتصادية / _c فليح حسن خلف |
|
| 260 |
_aاربد: _bعالم الكتب الحديث, _c2009 |
||
| 300 |
_a429 صفحة؛ _c24 سم |
||
| 504 | _aمراجع ص.421 | ||
| 520 | _aماهية العولمة الاقتصادية ، عولمة الاسواق ، عولمة الاستثمار، عولمة الانتاج ، عولمة التجارة ، العولمة المالية ، التكنولوجيا و العولمة الاقتصادية ، عولمة البحث العلمي و التطوير التكنولوجي ، مؤسسات العولمة الاقتصادية ، العولمة الاقتصادية و الدول المتقدمة و الدول النامية ، سلبيات العولمة الاقتصادية ، ايجابيات العولمة الاقتصادية و افاقها ، الازمات الاقتصادية و العولمة الاقتصادية . | ||
| 653 | _aالاقتصاد الدولي | ||
| 653 | _aالاقتصاد العالمي | ||
| 653 | _aالإقتصاد- العولمة | ||
| 942 | _cكتاب | ||
| 999 |
_c43538 _d43538 |
||